[Event "Cairo Al Ain op"]
[Site "Cairo"]
[Date "2023.11.30"]
[Round "7"]
[White "Elgabry, Mohsen"]
[Black "Bonneville, Thaymour"]
[Result "1-0"]
[WhiteElo "2215"]
[BlackElo "1991"]
[PlyCount "77"]
[EventDate "2023.11.27"]
[EventType "swiss"]
[EventRounds "10"]
[EventCountry "EGY"]
[SourceTitle "CB49_2023"]
[SourceDate "2023.12.06"]
[SourceVersion "1"]
[SourceVersionDate "2023.12.06"]
[SourceQuality "1"]

1. Nf3 Nf6 2. g3 c5 3. Bg2 e6 4. 0-0 d5 5. d4 Nc6 6. c4 cxd4 7. Nxd4 Bc5 8. Nxc6 bxc6 9. Nc3 0-0 10. e4 Ba6 11. Qc2 Bxc4 12. Rd1 Ng4 13. Rd2 a5 14. h3 Ne5 15. Kh2 Ba7 16. b3 Ba6 17. Bb2 d4 18. Na4 d3 19. Qc3 f6 20. Nc5 Bc4 21. Ba3 Qe7 22. f4 Bxc5 23. Bxc5 Qxc5 24. fxe5 Qe3 25. bxc4 Rad8 26. Rad1 fxe5 27. Rxd3 Rxd3 28. Qxd3 Qc5 29. Rd2 h6 30. h4 a4 31. Qe2 a3 32. Bf3 Rb8 33. Bg4 Rb1 34. Bxe6+ Kh7 35. h5 Qg1+ 36. Kh3 Qh1+ 37. Kg4 g6 38. Rd7+ Kh8 39. hxg6 1-0

[Event "Europe Echecs online op April"]
[Site "Europe Echecs INT"]
[Date "2020.04.11"]
[Round "8"]
[White "Bonneville, Thaymour"]
[Black "Verat Fayolle, Celian"]
[Result "1-0"]
[WhiteElo "2012"]
[BlackElo "1873"]
[PlyCount "39"]
[EventDate "2020.04.11"]
[EventType "swiss (blitz)"]
[EventRounds "11"]
[EventCountry "FRA"]
[SourceTitle "EXT 2021"]
[Source "ChessBase"]
[SourceDate "2020.10.23"]
[SourceVersion "1"]
[SourceVersionDate "2020.10.23"]
[SourceQuality "1"]

1. e4 e5 2. Nf3 Nc6 3. Bc4 Nf6 4. d3 Bc5 5. a4 a5 6. 0-0 0-0 7. c3 d5 8. exd5 Nxd5 9. Re1 Bg4 10. Nbd2 Nf4 11. Ne4 Bb6 12. Bxf4 exf4 13. d4 Qd7 14. Qd3 Bf5 15. Nh4 Be6 16. Ng5 g6 17. Rxe6 Rae8 18. Rxg6+ hxg6 19. Qxg6+ Kh8 20. Qh7# 1-0

[Event "Cappelle op 32nd"]
[Site "Cappelle la Grande"]
[Date "2016.02.16"]
[Round "5"]
[White "Bonneville, Thaymour"]
[Black "Moussard, Jules"]
[Result "0-1"]
[WhiteElo "1888"]
[BlackElo "2487"]
[PlyCount "86"]
[EventDate "2016.02.13"]
[EventType "swiss"]
[EventRounds "9"]
[EventCountry "FRA"]
[SourceTitle "EXT 2017"]
[Source "ChessBase"]
[SourceDate "2016.10.25"]
[SourceVersion "1"]
[SourceVersionDate "2016.10.25"]
[SourceQuality "1"]

1. e4 c5 2. Nc3 a6 3. g3 b5 4. Bg2 Bb7 5. d3 e6 6. f4 Nf6 7. Nf3 d5 8. exd5 exd5 9. Qe2+ Be7 10. Ne5 0-0 11. 0-0 Qc7 12. Ng4 Qd6 13. f5 Nxg4 14. Qxg4 Bf6 15. Bf4 Qd7 16. Qf3 Rd8 17. g4 b4 18. Nd1 Nc6 19. c3 Qe7 20. Rc1 bxc3 21. bxc3 Ne5 22. Qe2 Re8 23. Nf2 Bg5 24. Qd2 Bh4 25. Rce1 Qf6 26. h3 h5 27. Re2 Re7 28. Rfe1 Rae8 29. Bxe5 Rxe5 30. Rxe5 Rxe5 31. Rxe5 Qxe5 32. c4 Qa1+ 33. Nd1 hxg4 34. hxg4 Qd4+ 35. Qe3 Qxg4 36. Qf3 Qd4+ 37. Kh1 Bf6 38. Qe2 Be5 39. Ne3 Qh4+ 40. Kg1 Bd4 41. Bf3 Qf4 42. Kf2 dxc4 43. dxc4 Bxf3 0-1

[Event "Paris-ch op-B 86th"]
[Site "Paris"]
[Date "2011.07.07"]
[Round "6"]
[White "Bonneville, Thaymour"]
[Black "Bourcier, Laurent"]
[Result "1/2-1/2"]
[WhiteElo "1864"]
[BlackElo "1838"]
[PlyCount "62"]
[EventDate "2011.07.02"]
[EventType "swiss"]
[EventRounds "9"]
[EventCountry "FRA"]
[SourceTitle "EXT 2012"]
[Source "ChessBase"]
[SourceDate "2011.11.24"]
[SourceVersion "1"]
[SourceVersionDate "2011.11.24"]
[SourceQuality "1"]

1. e4 c5 2. Nf3 d6 3. d4 cxd4 4. Nxd4 Nf6 5. Nc3 Nc6 6. Bg5 e6 7. Qd2 a6 8. Rd1 h6 9. Bf4 Bd7 10. Nb3 e5 11. Bg3 Be6 12. f3 Na5 13. Nd5 Nxb3 14. Nxf6+ Qxf6 15. cxb3 b5 16. Be2 Be7 17. f4 exf4 18. Bxf4 0-0 19. 0-0 Qg6 20. Rf3 Bg5 21. Rg3 Rad8 22. Bxg5 hxg5 23. Rxg5 Qxe4 24. Bd3 Qh4 25. Rg3 Qd4+ 26. Kh1 g6 27. Qc2 Bg4 28. Be2 Rc8 29. Qxc8 Qxd1+ 30. Bxd1 Bxc8 31. Rd3 Re8 1/2-1/2

[Event "Paris-ch op-B 86th"]
[Site "Paris"]
[Date "2011.07.03"]
[Round "2"]
[White "Bonneville, Thaymour"]
[Black "Chazal, Philippe"]
[Result "1-0"]
[WhiteElo "1864"]
[BlackElo "1700"]
[PlyCount "53"]
[EventDate "2011.07.02"]
[EventType "swiss"]
[EventRounds "9"]
[EventCountry "FRA"]
[SourceTitle "EXT 2012"]
[Source "ChessBase"]
[SourceDate "2011.11.24"]
[SourceVersion "1"]
[SourceVersionDate "2011.11.24"]
[SourceQuality "1"]

1. e4 d5 2. exd5 Qxd5 3. Nc3 Qa5 4. d4 Nf6 5. Nf3 Bf5 6. Bd3 Bg6 7. 0-0 c6 8. Re1 e6 9. Ne5 Be7 10. f4 Bxd3 11. Qxd3 0-0 12. f5 exf5 13. Qxf5 Nbd7 14. Nxc6 Qb6 15. Nxe7+ Kh8 16. Ned5 Qxd4+ 17. Be3 Qc4 18. Rad1 Rac8 19. Rd4 Qa6 20. Rh4 Rfe8 21. Rf1 Qe6 22. Qxe6 Rxe6 23. Nxf6 Nxf6 24. Bd4 Ng8 25. Rxf7 Nf6 26. Rxb7 Rxc3 27. Bxc3 1-0